Estadísticas para Colombia

Haz click aquí para intentar la prueba.

Estadísticas generales

  • Esta prueba ha sido intentada 55 veces
  • La puntuación promedio es 2 de 8

Estadísticas de respuestas

Respuesta% Correcto
CapitalBogota
100%
MonedaPeso Colombiano
87%
Carnaval TipicoCarnaval de Barranquilla
19%
Maximo idolo del Futbol ColombianoPibe Valderrama
15%
Poblacion50 Millones
11%
Montaña mas altaPico Simon Bolivar
6%
Primer medallista olimpicoHelmut Bellingrodt
0%
Presidente con el mandato mas largoManuel Antonio Sanclemente
0%

Distribución de puntuación

Porcentaje por número respondido

Porcentaje de gente con cada puntuación

Historial de tus puntuaciones

No has intentado esta prueba.